| 000 | 00588nam a2200205 a 4500 | ||
|---|---|---|---|
| 005 | 20140310183611.0 | ||
| 008 | 120830s19uu xx 00 eng d | ||
| 020 | _a9789812533289 | ||
| 050 |
_aTS 155 _b.R353 2010 |
||
| 100 | _aReid, R. Dan | ||
| 245 |
_aOperations management : _ban integrated approach / _cR. Dan Reid, Nada R. Sanders. |
||
| 250 | _a4th ed. | ||
| 260 |
_aHoboken, NJ : _bJohn Wiley, _c2010. |
||
| 300 |
_a631 p. : _bill. ; _c25 cm. |
||
| 521 | _aBSBA | ||
| 650 | _aProduction management | ||
| 700 | _aSanders, Nada R. | ||
| 942 |
_cBK _2lcc _kFOR |
||
| 999 |
_c25257 _d25257 |
||